Changing the face of the earth : culture, environment, history
Αποθηκεύτηκε σε:
| Κύριος συγγραφέας: | |
|---|---|
| Μορφή: | Βιβλίο |
| Γλώσσα: | English |
| Δημοσίευση: |
Oxford :
Blackwell,
1996
|
| Έκδοση: | 2nd ed. |
| Θέματα: | |
| Ετικέτες: |
Προσθήκη ετικέτας
Δεν υπάρχουν, Καταχωρήστε ετικέτα πρώτοι!
|
MARC
| LEADER | 00000nam a2200000 i 4500 | ||
|---|---|---|---|
| 001 | 1/75242 | ||
| 008 | 050414s1996 eng d | ||
| 020 | |a 0-631-19924-1 | ||
| 035 | |l 10077653 | ||
| 040 | |a GR-MY-UA |b gre |e aacr | ||
| 041 | 0 | |a eng | |
| 082 | 0 | |a 304.2 |2 (21) | |
| 100 | 1 | |a Simmons, I. G. |q (Ian Gordon) |d 1937- | |
| 245 | 1 | 0 | |a Changing the face of the earth : |b culture, environment, history / |c I. G. Simmons |
| 250 | |a 2nd ed. | ||
| 260 | |a Oxford : |b Blackwell, |c 1996 | ||
| 300 | |a xiv, 464 σ.; |b εικ., χάρτες; |c 24 εκ. | ||
| 504 | |a Περιέχει βιβλιογραφικές παραπομπές και ευρετήριο | ||
| 650 | 0 | 0 | |a Nature |x Effect of human beings on |x History. |
| 650 | 0 | 0 | |a Human ecology |x History. |
| 852 | |a INST |b LESVOS |e 20050414 |h 304.2 SIM |p 005100027847 |q 005100027847 |t BK |y 0 | ||
| 901 | |a BIBL1-2005-1 | ||
| 909 | |a Λ |b 116687 | ||
| 922 | |a 1ΕΛΗ |b 200411 |c ΕΠΕΑΕΚ2/ΤΓ |d ΜΙΧΑΛΟΠΟΥΛΟΣ | ||
| 950 | |a 118-2004-10-06 | ||
| 970 | |a ΚΑΡΑ |b ΓΙΑΣΕΜΗ |z 2005/04/21 | ||